[Event "Landesliga Ost MV 2014-15"]
[Site "Mecklenburg-Vorpommern"]
[Date "2014.09.21"]
[Round "1.1"]
[White "Voelschow, Siegfried"]
[Black "Bigalke, Steffen"]
[Result "1/2-1/2"]
[WhiteElo "1957"]
[BlackElo "1795"]
[PlyCount "45"]
[EventType "team-tourn"]
[EventRounds "9"]
[EventCountry "GER"]
[SourceDate "2014.04.06"]
[WhiteTeam "SV Waterkant Saal"]
[BlackTeam "SAV Torgelow-Droegeheide 90  II"]

1. e4 e6 2. d4 d5 3. Nc3 dxe4 4. Nxe4 Bd7 5. Nf3 Bc6 6. Bd3 Bxe4 7. Bxe4 c6 8.
O-O Nf6 9. Bd3 Bd6 10. c4 Nbd7 11. Qe2 O-O 12. c5 Be7 13. Bf4 Nd5 14. Bg3 Re8
15. a3 N7f6 16. Ne5 g6 17. Rfe1 Nh5 18. Rad1 Nxg3 19. hxg3 Nf6 20. Bc4 Bf8 21.
b4 Nd7 22. Nf3 a6 23. a4 1/2-1/2

[Event "Landesliga Ost MV 2014-15"]
[Site "Mecklenburg-Vorpommern"]
[Date "2014.09.21"]
[Round "1.2"]
[White "Otto, Martin"]
[Black "Schwarz, Eckhard"]
[Result "1/2-1/2"]
[WhiteElo "1828"]
[BlackElo "1863"]
[PlyCount "45"]
[EventType "team-tourn"]
[EventRounds "9"]
[EventCountry "GER"]
[SourceDate "2014.04.06"]
[WhiteTeam "SAV Torgelow-Droegeheide 90  II"]
[BlackTeam "SV Waterkant Saal"]

1. Nf3 d5 2. g3 c5 3. Bg2 Nc6 4. O-O Nf6 5. d3 e5 6. c3 Be7 7. Nbd2 O-O 8. e4
dxe4 9. dxe4 Bg4 10. h3 Be6 11. Qc2 h6 12. Rd1 Qd7 13. Nf1 Qc8 14. Kh2 Rd8 15.
Be3 Qc7 16. b3 g5 17. Ne1 Bf8 18. Rxd8 Rxd8 19. Rd1 Rxd1 20. Qxd1 Qa5 21. Qd2
c4 22. b4 Qc7 23. Nc2 1/2-1/2

[Event "Landesliga Ost MV 2014-15"]
[Site "Mecklenburg-Vorpommern"]
[Date "2014.09.21"]
[Round "1.3"]
[White "Onasch, Gunnar"]
[Black "Kilp, Andreas"]
[Result "1/2-1/2"]
[WhiteElo "1821"]
[BlackElo "1632"]
[PlyCount "69"]
[EventType "team-tourn"]
[EventRounds "9"]
[EventCountry "GER"]
[SourceDate "2014.04.06"]
[WhiteTeam "SV Waterkant Saal"]
[BlackTeam "SAV Torgelow-Droegeheide 90  II"]

1. d4 d5 2. c4 e6 3. Nc3 Nf6 4. cxd5 exd5 5. Bg5 Be7 6. Nf3 O-O 7. e3 h6 8. Bf4
Bg4 9. Bd3 c6 10. Qc2 Nh5 11. Ne5 Nxf4 12. exf4 Bc8 13. O-O Bd6 14. a3 Qh4 15.
g3 Qf6 16. Rfe1 Nd7 17. b4 a6 18. Rab1 Nb6 19. Nd1 Re8 20. Ne3 g5 21. fxg5 hxg5
22. N5g4 Bxg4 23. Nxg4 Qxd4 24. Nh6+ Kf8 25. Nf5 Qf6 26. Qd2 Nd7 27. Nxd6 Qxd6
28. Qxg5 Ne5 29. Qh5 Qf6 30. Be2 Re7 31. f4 Nc4 32. Bxc4 Rxe1+ 33. Rxe1 dxc4
34. Qc5+ Kg7 35. Qxc4 1/2-1/2

[Event "Landesliga Ost MV 2014-15"]
[Site "Mecklenburg-Vorpommern"]
[Date "2014.09.21"]
[Round "1.5"]
[White "Richter, Frank"]
[Black "Kasel, Alexander"]
[Result "1-0"]
[WhiteElo "1730"]
[BlackElo "1550"]
[PlyCount "43"]
[EventType "team-tourn"]
[EventRounds "9"]
[EventCountry "GER"]
[SourceDate "2014.04.06"]
[WhiteTeam "SV Waterkant Saal"]
[BlackTeam "SAV Torgelow-Droegeheide 90  II"]

1. d4 Nf6 2. c4 e6 3. Nc3 Bb4 4. Qc2 c5 5. e3 Nc6 6. Nf3 d5 7. a3 Bxc3+ 8. bxc3
O-O 9. Bd3 Qa5 10. Bd2 Bd7 11. O-O Rac8 12. cxd5 exd5 13. c4 Qc7 14. cxd5 Ne7
15. Rfc1 Nexd5 16. e4 Nf4 17. Bf1 b6 18. e5 N6d5 19. Qe4 Qb7 20. Bxf4 f5 21.
Qxd5+ Qxd5 22. Bc4 1-0

[Event "Landesliga Ost MV 2014-15"]
[Site "Mecklenburg-Vorpommern"]
[Date "2014.09.21"]
[Round "1.6"]
[White "Schmekel, Matthias"]
[Black "Nickel, Reimo"]
[Result "1-0"]
[WhiteElo "1425"]
[BlackElo "1751"]
[PlyCount "89"]
[EventType "team-tourn"]
[EventRounds "9"]
[EventCountry "GER"]
[SourceDate "2014.04.06"]
[WhiteTeam "SAV Torgelow-Droegeheide 90  II"]
[BlackTeam "SV Waterkant Saal"]

1. e4 e5 2. Nf3 Nc6 3. d4 exd4 4. Nxd4 Nxd4 5. Qxd4 Qe7 6. Bd2 Nf6 7. Nc3 Qc5
8. Be3 Qb4 9. Qe5+ Be7 10. O-O-O d6 11. Qb5+ Qxb5 12. Nxb5 Bd8 13. f3 a6 14.
Nd4 h6 15. Bd3 O-O 16. g4 Nd7 17. h4 Ne5 18. Be2 f6 19. Rdg1 c5 20. Nf5 Bxf5
21. exf5 Re8 22. Bd2 d5 23. f4 Nc6 24. Bf3 Ne7 25. g5 Kh7 26. Re1 Bc7 27. Bh5
g6 28. fxg6+ Kg7 29. Re6 Ng8 30. Rhe1 Rxe6 31. Rxe6 fxg5 32. fxg5 hxg5 33. Bxg5
Bd8 34. Re5 Bxg5+ 35. hxg5 Rd8 36. c4 dxc4 37. Rxc5 Rd7 38. Rxc4 Re7 39. Rf4
Rc7+ 40. Kd2 Rd7+ 41. Kc3 Ne7 42. Rf7+ Kg8 43. Kb3 Rc7 44. Bg4 b6 45. Be6 1-0

[Event "Landesliga Ost MV 2014-15"]
[Site "Mecklenburg-Vorpommern"]
[Date "2014.09.21"]
[Round "1.7"]
[White "Ehmann, Roland"]
[Black "Bollnow, Alex"]
[Result "1-0"]
[WhiteElo "1546"]
[BlackElo "1406"]
[PlyCount "47"]
[EventType "team-tourn"]
[EventRounds "9"]
[EventCountry "GER"]
[SourceDate "2014.04.06"]
[WhiteTeam "SV Waterkant Saal"]
[BlackTeam "SAV Torgelow-Droegeheide 90  II"]

1. d4 Nf6 2. e3 g6 3. f4 Bg7 4. Nf3 d6 5. Bd3 O-O 6. Nbd2 Nbd7 7. O-O c5 8. c3
Nd5 9. Ne4 cxd4 10. exd4 Qb6 11. Bc4 Nc7 12. Qb3 Qc6 13. d5 Qb6+ 14. Qxb6 Nxb6
15. Bb3 Ncxd5 16. a4 a5 17. Rd1 Bf5 18. Nxd6 exd6 19. Bxd5 Nxd5 20. Rxd5 Rad8
21. Rxa5 Rfe8 22. Kf2 Bd3 23. Be3 Rc8 24. Rd1 1-0

[Event "Landesliga Ost MV 2014-15"]
[Site "Mecklenburg-Vorpommern"]
[Date "2014.09.21"]
[Round "1.8"]
[White "Behm, Olaf"]
[Black "Nickel, Udo"]
[Result "0-1"]
[WhiteElo "1384"]
[BlackElo "1703"]
[PlyCount "102"]
[EventType "team-tourn"]
[EventRounds "9"]
[EventCountry "GER"]
[SourceDate "2014.04.06"]
[WhiteTeam "SAV Torgelow-Droegeheide 90  II"]
[BlackTeam "SV Waterkant Saal"]

1. d4 Nf6 2. c4 e6 3. Bg5 d5 4. Nc3 Be7 5. Nf3 O-O 6. Ne5 Nbd7 7. cxd5 Nxd5 8.
Bxe7 Qxe7 9. Qb3 N7b6 10. e4 Nf6 11. f3 Nfd7 12. Nc4 Qh4+ 13. g3 Qf6 14. f4
Qxd4 15. Rd1 Qc5 16. Nb5 Nxc4 17. Bxc4 a6 18. Nc3 Qe3+ 19. Be2 Qc5 20. Na4 Qe7
21. O-O b5 22. Nc3 c5 23. Bf3 Bb7 24. Nxb5 axb5 25. Qxb5 Bc8 26. e5 Rb8 27. Qa4
Nb6 28. Qb5 Bd7 29. Qd3 Nd5 30. Bxd5 exd5 31. Qxd5 Be6 32. Qg2 Bxa2 33. Rc1 c4
34. Rc3 Qc5+ 35. Kh1 Bb3 36. h4 Rbd8 37. Qe2 Qd5+ 38. Kh2 Qd2 39. Re1 Qxe2+ 40.
Rxe2 Rd1 41. Rf3 h5 42. Rff2 Rfd8 43. Rg2 Rf1 44. e6 fxe6 45. Rxe6 Rdd1 46. g4
Rxf4 47. gxh5 Rxh4+ 48. Kg3 Rxh5 49. Kg4 Rdd5 50. Rge2 Bd1 51. Re8+ Kh7 0-1

[Event "Landesliga Ost MV 2014-15"]
[Site "Mecklenburg-Vorpommern"]
[Date "2014.09.21"]
[Round "1.1"]
[White "Luethke, Hans Eckart"]
[Black "Stork, Michael"]
[Result "1-0"]
[WhiteElo "2121"]
[BlackElo "2038"]
[PlyCount "41"]
[EventType "team-tourn"]
[EventRounds "9"]
[EventCountry "GER"]
[SourceDate "2014.04.06"]
[WhiteTeam "SSC Graal-Mueritz"]
[BlackTeam "ESV Waren"]

1. e4 c5 2. Nf3 d6 3. d4 cxd4 4. Qxd4 a6 5. h3 Nf6 6. Be2 Nc6 7. Qe3 g6 8. O-O
Bg7 9. c4 O-O 10. Nc3 Nb4 11. Rb1 Be6 12. a3 Nc6 13. b4 h6 14. Rd1 Nd7 15. Nd5
f5 16. Nf4 Bf7 17. exf5 gxf5 18. Ne6 Bxe6 19. Qxe6+ Rf7 20. c5 Nf8 21. Qb3 1-0

[Event "Landesliga Ost MV 2014-15"]
[Site "Mecklenburg-Vorpommern"]
[Date "2014.09.21"]
[Round "1.2"]
[White "Schumacher, Albrecht"]
[Black "Van Bentum, Horst"]
[Result "1/2-1/2"]
[WhiteElo "1950"]
[BlackElo "2013"]
[PlyCount "36"]
[EventType "team-tourn"]
[EventRounds "9"]
[EventCountry "GER"]
[SourceDate "2014.04.06"]
[WhiteTeam "ESV Waren"]
[BlackTeam "SSC Graal-Mueritz"]

1. d4 Nf6 2. c4 e6 3. Nf3 b6 4. g3 Bb7 5. Bg2 Be7 6. Nc3 Ne4 7. Bd2 d6 8. d5
Nxc3 9. Bxc3 e5 10. O-O O-O 11. Nxe5 dxe5 12. d6 Bxg2 13. dxe7 Qxe7 14. Kxg2
Rd8 15. Qc2 Qe6 16. Qe4 Qc6 17. Qxc6 Nxc6 18. Rad1 f6 1/2-1/2

[Event "Landesliga Ost MV 2014-15"]
[Site "Mecklenburg-Vorpommern"]
[Date "2014.09.21"]
[Round "1.3"]
[White "Schumann, Lutz"]
[Black "Schreiner, Wolfgang"]
[Result "1/2-1/2"]
[WhiteElo "1735"]
[BlackElo "1830"]
[PlyCount "68"]
[EventType "team-tourn"]
[EventRounds "9"]
[EventCountry "GER"]
[SourceDate "2014.04.06"]
[WhiteTeam "SSC Graal-Mueritz"]
[BlackTeam "ESV Waren"]

1. c4 e5 2. Nc3 Nf6 3. d3 d5 4. cxd5 Nxd5 5. Nf3 Nc6 6. g3 Be7 7. Bg2 Be6 8.
O-O f6 9. Bd2 Qd7 10. Rc1 O-O-O 11. Qa4 Nb6 12. Qc2 Bh3 13. Bxh3 Qxh3 14. a3 g5
15. b4 h5 16. b5 Nd4 17. Nxd4 exd4 18. Ne4 Rd7 19. f4 h4 20. Nf2 Qe6 21. Rfe1
Qd5 22. fxg5 h3 23. Ne4 f5 24. Bf4 Na8 25. Qa4 Kb8 26. Qc2 fxe4 27. dxe4 Qxb5
28. Rb1 Qc5 29. Qa4 Rdd8 30. Rec1 Qxa3 31. Qc6 b6 32. Bxc7+ Nxc7 33. Qxc7+ Ka8
34. Qc6+ Kb8 1/2-1/2

[Event "Landesliga Ost MV 2014-15"]
[Site "Mecklenburg-Vorpommern"]
[Date "2014.09.21"]
[Round "1.4"]
[White "Wittig, Harry"]
[Black "Micheel, Peter"]
[Result "1/2-1/2"]
[WhiteElo "1867"]
[BlackElo "1721"]
[PlyCount "50"]
[EventType "team-tourn"]
[EventRounds "9"]
[EventCountry "GER"]
[SourceDate "2014.04.06"]
[WhiteTeam "ESV Waren"]
[BlackTeam "SSC Graal-Mueritz"]

1. d4 d5 2. Nf3 Nf6 3. e3 e6 4. Bd3 c5 5. c3 Nc6 6. Nbd2 Be7 7. O-O O-O 8. Ne5
Nxe5 9. dxe5 Nd7 10. f4 f6 11. Qh5 f5 12. Nf3 Qe8 13. Qh3 Qg6 14. g3 b6 15. Bd2
Bb7 16. Qg2 Nb8 17. h3 h5 18. Kf2 Ba6 19. Bxa6 Nxa6 20. Rg1 c4 21. Nd4 Nc5 22.
Ke2 Kf7 23. Be1 Ne4 24. Bf2 Bc5 25. Rad1 Bxd4 1/2-1/2

[Event "Landesliga Ost MV 2014-15"]
[Site "Mecklenburg-Vorpommern"]
[Date "2014.09.21"]
[Round "1.5"]
[White "Rath, Wolfgang"]
[Black "Lotz, Robert"]
[Result "1/2-1/2"]
[WhiteElo "1607"]
[BlackElo "1712"]
[PlyCount "62"]
[EventType "team-tourn"]
[EventRounds "9"]
[EventCountry "GER"]
[SourceDate "2014.04.06"]
[WhiteTeam "SSC Graal-Mueritz"]
[BlackTeam "ESV Waren"]

1. e4 g6 2. d4 Bg7 3. Be3 d6 4. Bc4 Nf6 5. f3 O-O 6. Qd2 d5 7. Bd3 dxe4 8. Bxe4
Nxe4 9. fxe4 c5 10. c3 cxd4 11. cxd4 Nc6 12. Ne2 Bg4 13. Nbc3 Qa5 14. h3 Bxe2
15. Nxe2 Qxd2+ 16. Kxd2 Rfd8 17. d5 e6 18. Nc3 exd5 19. Nxd5 Nb4 20. Rad1 Nxd5
21. exd5 Rxd5+ 22. Kc2 Rc8+ 23. Kb1 Rxd1+ 24. Rxd1 b6 25. Rd7 Re8 26. Bc1 Ra8
27. Rb7 Bd4 28. Bh6 a5 29. b3 Bc5 30. Kc2 Re8 31. Kd3 f5 1/2-1/2

[Event "Landesliga Ost MV 2014-15"]
[Site "Mecklenburg-Vorpommern"]
[Date "2014.09.21"]
[Round "1.6"]
[White "Mayerhoff, Lothar"]
[Black "Schroeter, Reinhard"]
[Result "1/2-1/2"]
[WhiteElo "1560"]
[BlackElo "1535"]
[PlyCount "84"]
[EventType "team-tourn"]
[EventRounds "9"]
[EventCountry "GER"]
[SourceDate "2014.04.06"]
[WhiteTeam "ESV Waren"]
[BlackTeam "SSC Graal-Mueritz"]

1. d4 d5 2. Nf3 Nf6 3. c4 e6 4. a3 Be7 5. Nc3 O-O 6. Bf4 Nbd7 7. e3 Re8 8. Rc1
dxc4 9. Bxc4 a6 10. Ba2 Bd6 11. Bg5 h6 12. Bh4 Be7 13. Bg3 Bd6 14. Bb1 e5 15.
dxe5 Nxe5 16. Nxe5 Bxe5 17. Qxd8 Bxc3+ 18. Rxc3 Rxd8 19. Bxc7 Rd7 20. e4 b5 21.
O-O Ne8 22. Ba5 Rd4 23. Re3 Be6 24. Bc3 Rd7 25. f4 Bb3 26. Rfe1 Bc4 27. Bc2 f6
28. e5 fxe5 29. fxe5 Be6 30. Rf3 Nc7 31. Bb4 Bd5 32. Rg3 Ne6 33. Bf5 Rad8 34.
Bd6 Rf7 35. Bxe6 Bxe6 36. Rf3 Rc8 37. Rxf7 Kxf7 38. Rf1+ Kg6 39. h3 Rc2 40. Rf2
Rxf2 41. Kxf2 h5 42. Ke3 Kf5 1/2-1/2

[Event "Landesliga Ost MV 2014-15"]
[Site "Mecklenburg-Vorpommern"]
[Date "2014.09.21"]
[Round "1.7"]
[White "Kundt, Guenther"]
[Black "Stork, Leonard Christopher"]
[Result "0-1"]
[WhiteElo "1514"]
[BlackElo "1388"]
[PlyCount "66"]
[EventType "team-tourn"]
[EventRounds "9"]
[EventCountry "GER"]
[SourceDate "2014.04.06"]
[WhiteTeam "SSC Graal-Mueritz"]
[BlackTeam "ESV Waren"]

1. d4 Nf6 2. c4 g6 3. Nc3 d5 4. cxd5 Nxd5 5. e4 Nxc3 6. bxc3 Bg7 7. Bc4 c5 8.
Be3 Nc6 9. Ne2 O-O 10. O-O cxd4 11. cxd4 Qc7 12. Rc1 a6 13. f3 Rd8 14. Qb3 e6
15. Bd3 Qd7 16. d5 exd5 17. Bb6 dxe4 18. fxe4 Nd4 19. Qxf7+ Qxf7 20. Rxf7 Nxe2+
21. Bxe2 Bd4+ 22. Bxd4 Kxf7 23. Rf1+ Ke8 24. Be3 Be6 25. Bb6 Rd2 26. Bc5 Kd7
27. Bf3 Rxa2 28. e5 Rc8 29. Bd6 b5 30. Rd1 Rcc2 31. Be4 Rd2 32. Rc1 Bc4 33. Rf1
Bxf1 0-1

[Event "Landesliga Ost MV 2014-15"]
[Site "Mecklenburg-Vorpommern"]
[Date "2014.09.21"]
[Round "1.8"]
[White "Zwerg, Kevin"]
[Black "Mueggenburg, Rolf"]
[Result "1-0"]
[WhiteElo "1477"]
[BlackElo "1552"]
[PlyCount "57"]
[EventType "team-tourn"]
[EventRounds "9"]
[EventCountry "GER"]
[SourceDate "2014.04.06"]
[WhiteTeam "ESV Waren"]
[BlackTeam "SSC Graal-Mueritz"]

1. d4 Nf6 2. c4 c5 3. Nf3 g6 4. Nc3 cxd4 5. Nxd4 Bg7 6. g3 O-O 7. Bg2 Nc6 8.
O-O d6 9. Nxc6 bxc6 10. Bxc6 Rb8 11. b3 Bh3 12. Re1 Qb6 13. Bf3 a6 14. Bb2 e6
15. e3 Rfd8 16. Qe2 e5 17. Nd5 Nxd5 18. Bxd5 Be6 19. Bxe6 fxe6 20. Red1 d5 21.
cxd5 exd5 22. Rac1 Qe6 23. Rc2 Rbc8 24. Rdc1 Rxc2 25. Qxc2 Rd6 26. Qc8+ Kf7 27.
Rc7+ Kf6 28. Qb7 Bh6 29. Bxe5+ 1-0

[Event "Landesliga Ost MV 2014-15"]
[Site "Mecklenburg-Vorpommern"]
[Date "2014.09.21"]
[Round "1.1"]
[White "Jeske, Holger"]
[Black "Hertel, Johannes"]
[Result "1-0"]
[WhiteElo "1833"]
[BlackElo "1911"]
[PlyCount "70"]
[EventType "team-tourn"]
[EventRounds "9"]
[EventCountry "GER"]
[SourceDate "2014.04.06"]
[WhiteTeam "SSC Rostock 07  III"]
[BlackTeam "Greifswalder SV  II"]

1. e4 c5 2. b4 cxb4 3. d4 d5 4. e5 Bf5 5. h4 Qc7 6. Bd3 Bxd3 7. cxd3 Nc6 8. Be3
e6 9. Ne2 Nge7 10. Nd2 Nf5 11. h5 h6 12. Nf3 Be7 13. g4 Nxe3 14. fxe3 f6 15.
Nf4 Kd7 16. Ng6 fxe5 17. Nfxe5+ Nxe5 18. Nxe5+ Ke8 19. Qa4+ Kf8 20. O-O+ Kg8
21. Rac1 Qd6 22. Kg2 Bf6 23. Ng6 Kh7 24. Nxh8 Kxh8 25. Rf3 a6 26. Qc2 Rb8 27.
Qf2 Rf8 28. g5 hxg5 29. h6 Kg8 30. Rf1 Qe7 31. e4 dxe4 32. dxe4 g4 33. Rf4 e5
34. Rf5 Qe8 35. dxe5 Kh7 1-0

[Event "Landesliga Ost MV 2014-15"]
[Site "Mecklenburg-Vorpommern"]
[Date "2014.09.21"]
[Round "1.4"]
[White "Sowada, Christoph"]
[Black "Mueller, Michael"]
[Result "1/2-1/2"]
[WhiteElo "1902"]
[BlackElo "1794"]
[PlyCount "43"]
[EventType "team-tourn"]
[EventRounds "9"]
[EventCountry "GER"]
[SourceDate "2014.04.06"]
[WhiteTeam "Greifswalder SV  II"]
[BlackTeam "SSC Rostock 07  III"]

1. e4 {[%emt 0:00:00]} e6 2. d4 d5 3. Nd2 Be7 4. Bd3 Nf6 5. e5 Nfd7 6. Qg4 g6
7. h4 c5 8. c3 cxd4 9. cxd4 Nc6 10. Ne2 Nb4 11. Bb1 Qc7 12. Nc3 b6 13. a3 Nc6
14. Bd3 f6 15. Bxg6+ hxg6 16. Qxg6+ Kd8 17. Qg7 Rf8 18. Nb5 Qb8 19. Nf3 Ba6 20.
a4 fxe5 21. Ng5 Bxb5 22. Nxe6+ 1/2-1/2

[Event "Landesliga Ost MV 2014-15"]
[Site "Mecklenburg-Vorpommern"]
[Date "2014.09.21"]
[Round "1.6"]
[White "Fasold, Gunnar"]
[Black "Schumann, Harald"]
[Result "0-1"]
[WhiteElo "1575"]
[BlackElo "1860"]
[PlyCount "60"]
[EventType "team-tourn"]
[EventRounds "9"]
[EventCountry "GER"]
[SourceDate "2014.04.06"]
[WhiteTeam "Greifswalder SV  II"]
[BlackTeam "SSC Rostock 07  III"]

1. d4 Nf6 2. c4 g6 3. Nc3 Bg7 4. e4 O-O 5. h3 d6 6. Bg5 c6 7. Qd2 Qa5 8. Nf3
Nbd7 9. Be2 a6 10. Rb1 e5 11. dxe5 Nxe5 12. Bh6 Be6 13. Bxg7 Kxg7 14. Nxe5 dxe5
15. b4 Qc7 16. c5 Rfd8 17. Qc2 Rac8 18. O-O a5 19. a3 axb4 20. axb4 Rd4 21.
Rfd1 Rcd8 22. Rxd4 exd4 23. Na4 Nxe4 24. Qxe4 Bf5 25. Qf3 Bxb1 26. Nb2 Qe5 27.
Nc4 Qe4 28. Nd6 Qxf3 29. Bxf3 Rxd6 30. cxd6 Kf6 0-1

[Event "Landesliga Ost MV 2014-15"]
[Site "Mecklenburg-Vorpommern"]
[Date "2014.09.21"]
[Round "1.7"]
[White "Bardosch, Karl"]
[Black "Kriese, Ralf"]
[Result "1/2-1/2"]
[WhiteElo "1680"]
[BlackElo "1656"]
[PlyCount "47"]
[EventType "team-tourn"]
[EventRounds "9"]
[EventCountry "GER"]
[SourceDate "2014.04.06"]
[WhiteTeam "SSC Rostock 07  III"]
[BlackTeam "Greifswalder SV  II"]

1. e4 e6 2. d4 d5 3. exd5 exd5 4. Bd3 Bd6 5. Nc3 c6 6. Nf3 Ne7 7. O-O O-O 8.
Re1 Bf5 9. Bg5 f6 10. Bh4 Qd7 11. Bg3 Bxd3 12. Qxd3 Na6 13. a3 Rae8 14. Bxd6
Qxd6 15. Nh4 Qf4 16. g3 Qg4 17. Nd1 Ng6 18. Ne3 Qe4 19. Qxe4 Rxe4 20. Nhf5 Rd8
21. Ng2 Rxe1+ 22. Rxe1 Kf7 23. h4 Rd7 24. Kf1 1/2-1/2

[Event "Landesliga Ost MV 2014-15"]
[Site "Mecklenburg-Vorpommern"]
[Date "2014.09.21"]
[Round "1.8"]
[White "Motullo, Jens"]
[Black "Worm, Alfred"]
[Result "0-1"]
[WhiteElo "1617"]
[BlackElo "1645"]
[PlyCount "95"]
[EventType "team-tourn"]
[EventRounds "9"]
[EventCountry "GER"]
[SourceDate "2014.04.06"]
[WhiteTeam "Greifswalder SV  II"]
[BlackTeam "SSC Rostock 07  III"]

1. e4 c6 2. Bc4 g6 3. d4 Bg7 4. c3 d5 5. exd5 cxd5 6. Bd3 Nf6 7. Be3 O-O 8. Ne2
Bd7 9. Ng3 Bc6 10. Na3 Nbd7 11. h4 h5 12. f3 Qc7 13. Ne2 e5 14. dxe5 Nxe5 15.
Bc2 Rfe8 16. Bd4 Nc4 17. Nxc4 dxc4 18. O-O Rad8 19. Re1 Re6 20. Qd2 Rde8 21.
Bf2 Nd5 22. Be4 Rd8 23. Nd4 Ree8 24. Bxd5 Bxd5 25. Rxe8+ Rxe8 26. Re1 Rxe1+ 27.
Qxe1 Qe5 28. Qxe5 Bxe5 29. Kf1 a6 30. Ke2 Bf4 31. Kd1 Kf8 32. g3 Bd6 33. f4 Ke7
34. a3 Kf6 35. Ke2 Be4 36. Nf3 Bd3+ 37. Kd2 Kf5 38. Ne1 Be4 39. Nc2 Bxc2 40.
Kxc2 Ke4 41. Kd2 Kf3 42. Ke1 b6 43. a4 Bc5 44. Bxc5 bxc5 45. Kd2 Kf2 46. f5
gxf5 47. a5 Kxg3 48. Ke3 0-1

[Event "Landesliga Ost MV 2014-15"]
[Site "Mecklenburg-Vorpommern"]
[Date "2014.09.21"]
[Round "1.1"]
[White "Patzenhauer, Max"]
[Black "Pawlick, Helmut"]
[Result "1/2-1/2"]
[WhiteElo "1918"]
[BlackElo "1816"]
[PlyCount "73"]
[EventType "team-tourn"]
[EventRounds "9"]
[EventCountry "GER"]
[SourceDate "2014.04.06"]
[WhiteTeam "SV Motor Wolgast"]
[BlackTeam "SV Rugia Bergen"]

1. d4 Nf6 2. Nf3 c5 3. c3 d5 4. Bf4 Nc6 5. e3 e6 6. Nbd2 Be7 7. h3 O-O 8. Rc1
b6 9. Bd3 h6 10. g4 a5 11. g5 Nh5 12. gxh6 Nxf4 13. exf4 g6 14. Ne5 Nxe5 15.
fxe5 Ba6 16. Bb1 Rc8 17. Qg4 Kh7 18. Nf3 Qd7 19. Rd1 Rce8 20. h4 cxd4 21. Rxd4
Qb5 22. Rd2 Qc4 23. Nd4 Qc7 24. f4 Bc5 25. h5 Rg8 26. hxg6+ fxg6 27. Nxe6 Qe7
28. Ng5+ (28. Ng7 $1 Qf7 29. Rg2 Kh8 30. Bxg6) (28. f5 $1 gxf5 29. Bxf5+ Kh8
30. Qg7+ Rxg7 31. hxg7+ Kg8 32. Rh8+ Kf7 33. Rdh2) 28... Kh8 29. h7 Rg7 30. Rh6
Bc8 31. Qg3 d4 32. Bxg6 Rf8 33. Ne4 (33. cxd4 $1) 33... Qe6 (33... Bf5 $11) 34.
Nxc5 bxc5 35. cxd4 Ba6 36. d5 $2 Qxe5+ 37. Kd1 1/2-1/2

[Event "Landesliga Ost MV 2014-15"]
[Site "Mecklenburg-Vorpommern"]
[Date "2014.09.21"]
[Round "1.2"]
[White "Pawlowicz, Wolfgang"]
[Black "Reinke, Thomas"]
[Result "0-1"]
[WhiteElo "1711"]
[BlackElo "1883"]
[PlyCount "82"]
[EventType "team-tourn"]
[EventRounds "9"]
[EventCountry "GER"]
[SourceDate "2014.04.06"]
[WhiteTeam "SV Rugia Bergen"]
[BlackTeam "SV Motor Wolgast"]

1. c4 f5 2. Nc3 Nf6 3. Nf3 d6 4. d4 g6 5. Bg5 Bg7 6. Qc2 c6 7. g3 Na6 8. a3 Nc7
9. Bg2 O-O 10. O-O Qe8 11. Bxf6 Bxf6 12. e3 e5 13. dxe5 dxe5 14. Ne2 Be6 15.
Rad1 Qe7 16. Rd2 Rad8 17. Rfd1 Rxd2 18. Rxd2 Rd8 19. b3 Qxa3 20. Rxd8+ Bxd8 21.
Qc3 e4 22. Ne1 Qe7 23. Nd4 c5 24. Nxe6 Nxe6 25. f3 Ng5 26. h4 exf3 27. Nxf3 Ne4
28. Qd3 Qd6 29. Qxd6 Nxd6 30. Ne5 a6 31. Nd7 b6 32. Bd5+ Kg7 33. Kg2 Ne4 34.
Bxe4 fxe4 35. Nb8 Bc7 36. Nxa6 Bd6 37. Kh3 Kf6 38. g4 h5 39. gxh5 gxh5 40. Kg2
Ke6 41. Kf2 Kd7 0-1

[Event "Landesliga Ost MV 2014-15"]
[Site "Mecklenburg-Vorpommern"]
[Date "2014.09.21"]
[Round "1.3"]
[White "Riebort, Frank"]
[Black "Wichert, Till"]
[Result "1-0"]
[WhiteElo "1885"]
[BlackElo "1411"]
[PlyCount "73"]
[EventType "team-tourn"]
[EventRounds "9"]
[EventCountry "GER"]
[SourceDate "2014.04.06"]
[WhiteTeam "SV Motor Wolgast"]
[BlackTeam "SV Rugia Bergen"]

1. d4 e6 2. c4 f5 3. Nc3 Nf6 4. Nf3 Be7 5. e3 O-O 6. Bd3 d5 7. O-O c6 8. Bd2
Nbd7 9. Qc2 Ne4 10. Ne5 Nxe5 11. dxe5 Qc7 12. cxd5 Qxe5 13. dxc6 Nxd2 14. Qxd2
Rd8 15. Qe2 bxc6 16. Rfd1 Bb7 17. Bc4 c5 18. Rxd8+ Rxd8 19. Rd1 Bd5 20. Bxd5
exd5 21. Rxd5 Rxd5 22. Qc4 Bd6 23. Qxd5+ Qxd5 24. Nxd5 Kf7 25. h3 Ke6 26. Nc3
Be5 27. Kf1 Bxc3 28. bxc3 c4 29. Ke2 a5 30. a4 Ke5 31. g4 g6 32. gxf5 gxf5 33.
Kf3 h6 34. h4 h5 35. Ke2 Ke4 36. f4 Kd5 37. Kf3 1-0

[Event "Landesliga Ost MV 2014-15"]
[Site "Mecklenburg-Vorpommern"]
[Date "2014.09.21"]
[Round "1.4"]
[White "Burwitz, Joerg"]
[Black "Schubert, Volker"]
[Result "1/2-1/2"]
[WhiteElo "1676"]
[BlackElo "2059"]
[PlyCount "71"]
[EventType "team-tourn"]
[EventRounds "9"]
[EventCountry "GER"]
[SourceDate "2014.04.06"]
[WhiteTeam "SV Rugia Bergen"]
[BlackTeam "SV Motor Wolgast"]

1. d4 d5 2. Nf3 Nf6 3. g3 c6 4. Bg2 Bf5 5. c4 e6 6. Nc3 Bd6 7. Qb3 b6 8. O-O
O-O 9. Bg5 Nbd7 10. Rac1 h6 11. Bxf6 Nxf6 12. cxd5 cxd5 13. Nb5 Ne4 14. Rfd1 a6
15. Nc3 b5 16. Nxe4 Bxe4 17. Ne1 Bxg2 18. Kxg2 Rc8 19. Rxc8 Qxc8 20. Nd3 Qc4
21. e3 Qxb3 22. axb3 Rc8 23. Ra1 Rc6 24. b4 {(=)} f6 25. Nc5 Bxc5 26. bxc5 Kf7
27. b4 e5 28. f3 g5 29. g4 Ke6 30. h3 f5 31. gxf5+ Kxf5 32. Kf2 e4 33. Ke2 h5
34. Rg1 Rg6 35. fxe4+ Kxe4 36. Rf1 1/2-1/2

[Event "Landesliga Ost MV 2014-15"]
[Site "Mecklenburg-Vorpommern"]
[Date "2014.09.21"]
[Round "1.5"]
[White "Rosin, Ralf"]
[Black "Tabbert, Dirk"]
[Result "1/2-1/2"]
[WhiteElo "1727"]
[BlackElo "1629"]
[PlyCount "28"]
[EventType "team-tourn"]
[EventRounds "9"]
[EventCountry "GER"]
[SourceDate "2014.04.06"]
[WhiteTeam "SV Motor Wolgast"]
[BlackTeam "SV Rugia Bergen"]

1. d4 f5 2. c4 Nf6 3. Nc3 e6 4. Nf3 Be7 5. Bg5 O-O 6. Qb3 d6 7. e3 Nc6 8. Bxf6
Bxf6 9. Be2 Bd7 10. O-O b6 11. Rad1 Qe8 12. d5 Na5 13. Qc2 e5 14. Nb5 Bd8
1/2-1/2

[Event "Landesliga Ost MV 2014-15"]
[Site "Mecklenburg-Vorpommern"]
[Date "2014.09.21"]
[Round "1.6"]
[White "Pawlowicz, Karsten"]
[Black "Schellner, Ulf"]
[Result "1/2-1/2"]
[WhiteElo "1592"]
[BlackElo "1632"]
[PlyCount "25"]
[EventType "team-tourn"]
[EventRounds "9"]
[EventCountry "GER"]
[SourceDate "2014.04.06"]
[WhiteTeam "SV Rugia Bergen"]
[BlackTeam "SV Motor Wolgast"]

1. e4 e5 2. Nf3 Nc6 3. Nc3 Nf6 4. Bc4 Be7 5. d4 exd4 6. Nxd4 Ne5 7. Be2 d6 8.
Nf3 O-O 9. Nxe5 dxe5 10. O-O h6 11. Be3 Bd7 12. a3 a6 13. Qd2 1/2-1/2